| 000 | 00589nam a2200205 a 4500 | ||
|---|---|---|---|
| 001 | 73890 | ||
| 003 | BD-RjUL | ||
| 005 | 20211209082447.0 | ||
| 008 | 170614s1965 pk 001 0 eng d | ||
| 035 | _a(BD-RjUL)74108 | ||
| 040 |
_aDLC _cWaU _dBD-RjUL _beng |
||
| 041 | _aeng | ||
| 082 |
_223 _a346.549104675 _bPAF 1965 |
||
| 110 | 1 |
_aPakistan. _9218842 |
|
| 245 | 1 | 4 |
_aThe forest act, 1927 (XVI of 1927) / _cPakistan. |
| 260 |
_aLaore : _ball-Pakistan Legal Decisions, _c1965 |
||
| 300 |
_a43 p. ; _c25 cm. |
||
| 650 | 0 |
_aForestry law and legislation _zPakistan _9203151 |
|
| 942 |
_2ddc _cBK |
||
| 999 |
_c73890 _d73890 |
||